<?xml version="1.0" encoding="UTF-8"?><?xml-stylesheet type="text/xsl" href="static/style.xsl"?><OAI-PMH xmlns="http://www.openarchives.org/OAI/2.0/" xmlns:xsi="http://www.w3.org/2001/XMLSchema-instance" xsi:schemaLocation="http://www.openarchives.org/OAI/2.0/ http://www.openarchives.org/OAI/2.0/OAI-PMH.xsd"><responseDate>2026-04-17T16:54:52Z</responseDate><request verb="GetRecord" identifier="oai:www.recercat.cat:2117/87778" metadataPrefix="marc">https://recercat.cat/oai/request</request><GetRecord><record><header><identifier>oai:recercat.cat:2117/87778</identifier><datestamp>2025-07-23T02:21:49Z</datestamp><setSpec>com_2072_1033</setSpec><setSpec>col_2072_452951</setSpec></header><metadata><record xmlns="http://www.loc.gov/MARC21/slim" xmlns:dcterms="http://purl.org/dc/terms/" xmlns:xsi="http://www.w3.org/2001/XMLSchema-instance" xmlns:doc="http://www.lyncode.com/xoai" xsi:schemaLocation="http://www.loc.gov/MARC21/slim http://www.loc.gov/standards/marcxml/schema/MARC21slim.xsd">
   <leader>00925njm 22002777a 4500</leader>
   <datafield ind2=" " ind1=" " tag="042">
      <subfield code="a">dc</subfield>
   </datafield>
   <datafield ind2=" " ind1=" " tag="720">
      <subfield code="a">Aristegui Moreno, Ander</subfield>
      <subfield code="e">author</subfield>
   </datafield>
   <datafield ind2=" " ind1=" " tag="260">
      <subfield code="c">2016-04-26</subfield>
   </datafield>
   <datafield ind2=" " ind1=" " tag="520">
      <subfield code="a">L’ús de nanopartícules de ferro de valència zero (nZVI) està sent estudiant com una solució a la contaminació de sols i aigües subterrànies degut a la seva versatilitat en la descontaminació dels diferents tipus de contaminants. Donat que la producció química de les partícules segueix sent excessivament cara, avui dia s’està estudiant la possibilitat de crear el producte a través d’un sistema mecànic. El procés, que bàsicament redueix la mida de partícules de ferro triturant-les a través d’una mòlta, ja ha sigut estudiant durant algun temps i les últimes dades demostren que la addició d’un material ceràmic durant el procés de mòlta redueix la mida al voltat del 80 % de les partícules per sota d’una micra. &#xd;
L’objectiu principal d’aquest projecte es estudiar l’eficiència d’aquest sistema mitjançant la repetició de les probes i la comparació dels resultats, així com tractar de millorar aquest últim amb la variació de la relació entre el pes, la mida de l’alúmina, la presència inicial de ferro i l’addició d’un additiu per al procés.</subfield>
   </datafield>
   <datafield tag="653" ind2=" " ind1=" ">
      <subfield code="a">Àrees temàtiques de la UPC::Enginyeria mecànica</subfield>
   </datafield>
   <datafield tag="653" ind2=" " ind1=" ">
      <subfield code="a">Nanopartícules</subfield>
   </datafield>
   <datafield tag="653" ind2=" " ind1=" ">
      <subfield code="a">Ferro -- Anàlisi</subfield>
   </datafield>
   <datafield ind2="0" ind1="0" tag="245">
      <subfield code="a">Mejoras en la fabricación de suspensiones de hierro de tamaño nanométrico por molienda</subfield>
   </datafield>
</record></metadata></record></GetRecord></OAI-PMH>